01510nam a2200421 i 4500001001400000003000800014008004100022006001900063007001500082035002200097040003100119020001800150020001500168050001700183082001000200100003900210245005300249246004100302264006900343300002300412336002600435337002600461338003600487347002100523347000800544490002300552490001700575504004100592588008100633650003200714650001200746650002700758655002200785776013000807800005000937830002900987856007201016DIGVERBUM0742NyNyDIG200715s2019 sp ob 000 0 spa dm o d cr ||||||||||| a(OCoLC)1196210607 aDGITAbengerdaepncDGITA z9788490748046 z849074804714aBJ1425 ebook04a177.11 aCatalán, Miguel,d1958-eauthor.13aLa santa mentira /cMiguel Catalán González.3 aSeudología.nIX,pLa santa mentira 1aLa Poveda (Arganda del Rey), Madrid :bEditorial Verbum,c[2019] a1 online resource. atextbtxt2rdacontent acomputerbc2rdamedia aonline resourcebcr2rdacarrier atext file2rdaft aPDF1 aSeudología ;vIX0 aVerbum menor aIncludes bibliographical references.0 aOnline resource; title from PDF title page (Digitalia, viewed July 18, 2020) 0aTruthfulness and falsehood. 0aEthics. 0aReligion and politics. 0aElectronic books.08iPrint version:aCatalán, Miguel, 1958-tSanta mentira.dLa Poveda (Arganda del Rey), Madrid : Verbum, [2019]z97884907480461 aCatalán, Miguel,d1958-tSeudología ;v9. 0aMenor (Editorial Verbum)403Digitalia Hispánicauhttps://www.digitaliapublishing.com/a/63346/